Rheology in polymer processing /

Guardado en:
Autor Principal: Han, Chang Dae.
Formato: Libro
Idioma:English
Publicado: New York : Academic Press, 1976.
Materias:
Etiquetas: Agregar Etiqueta
Sin Etiquetas, Sea el primero en etiquetar este registro!
LEADER 00645cam a22002055a 4500
001 EIQ.libpla003722
008 751119s1976####nyua#####b####001#0#eng#d
005 20080305175507.0
245 1 0 |a Rheology in polymer processing /  |c Chang Dae Han. 
260 |a New York :  |b Academic Press,  |c 1976. 
300 |a xvi, 366 p. :  |b il. ;  |c 24 cm. 
504 |a Incluye referencias bibliográficas e índices. 
020 |a 0123224500 
100 1 |a Han, Chang Dae. 
082 0 0 |a 668.4/1 
650 4 |a Polímeros  |x Reología. 
650 4 |a Polymers  |x Rheology. 
010 |a  75016878  
040 |a DLC  |c DLC  |d AR-BbSID 
859 |a AR-BbSID  |b BIB. PLAPIQUI  |h 532.053  |i H 19  |p 1194